[Event "Hofheim Spring op 6th"]
[Site "Hofheim"]
[Date "2018.04.04"]
[Round "2"]
[White "Casagrande, Thomas"]
[Black "Ricken, Katharina"]
[Result "1/2-1/2"]
[WhiteElo "2057"]
[BlackElo "1746"]
[PlyCount "39"]
[EventDate "2018.04.03"]
[EventType "swiss"]
[EventRounds "9"]
[EventCountry "GER"]
[SourceTitle "CBM 183 Extra"]
[Source "ChessBase"]
[SourceDate "2018.04.19"]
[SourceVersion "1"]
[SourceVersionDate "2018.04.19"]
[SourceQuality "1"]

1. e4 e6 2. d4 d5 3. Nd2 c5 4. Ngf3 Nc6 5. c3 cxd4 6. cxd4 dxe4 7. Nxe4 Nf6 8. Nxf6+ Qxf6 9. a3 Qd8 10. Bc4 Be7 11. 0-0 0-0 12. Bf4 Bf6 13. Be5 b6 14. Qe2 Bb7 15. Rac1 Nxe5 16. dxe5 Bxf3 17. gxf3 Bg5 18. Rc2 Bf4 19. h3 Qg5+ 20. Kh1 1/2-1/2

[Event "Schoeneck Schoebel Memorial 1st"]
[Site "Schoeneck"]
[Date "2017.12.29"]
[Round "5"]
[White "Casagrande, Thomas"]
[Black "Rabiya, Karim"]
[Result "1-0"]
[WhiteElo "1951"]
[BlackElo "1890"]
[PlyCount "61"]
[EventDate "2017.12.27"]
[EventType "swiss"]
[EventRounds "7"]
[EventCountry "GER"]
[SourceTitle "CBM 182 Extra"]
[Source "ChessBase"]
[SourceDate "2018.02.23"]
[SourceVersion "1"]
[SourceVersionDate "2018.02.23"]
[SourceQuality "1"]

1. e4 Nf6 2. e5 Nd5 3. d4 d6 4. Nf3 Bg4 5. Be2 e6 6. Ng5 Bxe2 7. Qxe2 Nc6 8. Nf3 dxe5 9. dxe5 Bc5 10. 0-0 0-0 11. Rd1 Qe7 12. c4 Nb6 13. Nc3 Rad8 14. Bg5 f6 15. exf6 gxf6 16. Bh6 Rxd1+ 17. Rxd1 Rd8 18. Re1 Nd7 19. Qxe6+ Qxe6 20. Rxe6 Nce5 21. Nxe5 fxe5 22. Bg5 Rf8 23. Ne4 Rf5 24. g4 Bxf2+ 25. Kg2 Nc5 26. gxf5 Nxe4 27. Rxe5 Nxg5 28. Kxf2 Kf7 29. h4 Nh3+ 30. Kg3 Kf6 31. Re1 1-0

[Event "Oberliga Ost-B 1718"]
[Site "Germany"]
[Date "2017.11.11"]
[Round "2.8"]
[White "Casagrande, Thomas"]
[Black "Buerckner, Georg"]
[Result "1/2-1/2"]
[WhiteElo "1951"]
[BlackElo "2044"]
[PlyCount "123"]
[EventDate "2017.10.22"]
[EventType "team-tourn"]
[EventRounds "11"]
[EventCountry "GER"]
[SourceTitle "EXT 2019"]
[Source "ChessBase"]
[SourceDate "2018.10.10"]
[SourceVersion "1"]
[SourceVersionDate "2018.10.10"]
[SourceQuality "1"]
[WhiteTeam "Frankfurt TV"]
[BlackTeam "Sangerhausen"]
[WhiteTeamCountry "GER"]
[BlackTeamCountry "GER"]

1. e4 e5 2. Nf3 Nc6 3. Bb5 a6 4. Ba4 Bc5 5. 0-0 d6 6. c3 Ba7 7. d3 Nge7 8. Be3 0-0 9. Bxa7 Nxa7 10. d4 exd4 11. cxd4 Bg4 12. h3 Bh5 13. Nc3 Nac6 14. g4 Bg6 15. Nh4 d5 16. Nxg6 hxg6 17. Bxc6 bxc6 18. e5 g5 19. Ne2 Rb8 20. b3 Ng6 21. f4 gxf4 22. Nxf4 Qg5 23. Qc1 Rb4 24. Nxg6 Qxg6 25. Qc2 a5 26. Rf5 c5 27. Qxc5 Qa6 28. Qc3 Qe2 29. Rf2 Qe4 30. Rd1 f6 31. a3 Rb6 32. Rdf1 Rbb8 33. Rf4 Qe2 34. exf6 Rxf6 35. Rxf6 gxf6 36. Qf3 Qe6 37. Qxf6 Qe3+ 38. Rf2 Qg3+ 39. Rg2 Qe3+ 40. Kh2 Rxb3 41. Qd8+ Kh7 42. Qxc7+ Kg8 43. Qd8+ Kh7 44. Qh4+ Kg8 45. Qg3 Rxa3 46. Qxe3 Rxe3 47. Ra2 Rd3 48. Rxa5 Rxd4 49. Kg3 Kf7 50. Ra6 Rd3+ 51. Kh4 d4 52. g5 Rd1 53. Kh5 d3 54. h4 Ke7 55. Ra4 Rg1 56. Rd4 Rg3 57. Kg6 Re3 58. h5 Re6+ 59. Kg7 Rd6 60. Re4+ Re6 61. Rd4 Rd6 62. Re4+ 1/2-1/2